Elley Duhe Charting Songs (Billboard Hot Dance) - Statistics

General Stats
  • This quiz has been taken 8 times
    3 since last reset
  • The average score is 3 of 6
Answer Stats
Album Weeks On Peak Artist(s) Song % Correct
Non-Album Single 26 Weeks #14 MEDUZA & James Carter ft. Elley Duhe & FAST BOY Bad Memories
100%
All Stand Together 4 Weeks #37 Lost Frequencies, Elley Duhe & X Ambassadors Back to You
67%
Non-Album Single 26 Weeks #8 Zedd & Elley Duhe Happy Now
67%
Alive 12 Weeks #20 Gryffin ft. Elley Duhe Forever
33%
Non-Album Single 19 Weeks #31 Elley Duhe & Whethan MONEY ON THE DASH
33%
Gravity 26 Weeks #15 Gryffin & Elley Duhe Tie Me Down
33%
No matching quizzes found
Score Distribution
Percent of People with Each Score
Percentile by Number Answered
Your Score History
You have not taken this quiz since the last reset